Purab Aur Pachhim (Record no. 20490)

MARC details
000 -LEADER
fixed length control field 02859ngm a2200457 4500
003 - CONTROL NUMBER IDENTIFIER
control field dpl
005 - DATE AND TIME OF LATEST TRANSACTION
control field 20090102112319.0
007 - PHYSICAL DESCRIPTION FIXED FIELD--GENERAL INFORMATION
fixed length control field DVD
008 - FIXED-LENGTH DATA ELEMENTS--GENERAL INFORMATION
fixed length control field ||||||sp199 xxu|||||c ||| 00| 0 ng d
010 ## - LIBRARY OF CONGRESS CONTROL NUMBER
LC control number DVD-001692-1694 & DVD-005714-5718
024 ## - OTHER STANDARD IDENTIFIER
Standard number or code DHIF0705S
Terms of availability 45.00
035 ## - SYSTEM CONTROL NUMBER
System control number DVD-001692-1694
035 ## - SYSTEM CONTROL NUMBER
System control number DVD-005714-5718
040 ## - CATALOGING SOURCE
Original cataloging agency DPL
Transcribing agency DPL
082 ## - DEWEY DECIMAL CLASSIFICATION NUMBER
Classification number DVD / PURA
245 ## - TITLE STATEMENT
Title Purab Aur Pachhim
Statement of responsibility, etc Manoj Kumar Presents
Medium [videorecording] DVD/
260 ## - PUBLICATION, DISTRIBUTION, ETC. (IMPRINT)
Name of publisher, distributor, etc Moserbaer Entertainment
300 ## - PHYSICAL DESCRIPTION
Extent 1 videodisc DVD;
Other physical details sd., col. ;
Dimensions 4 3/4 in.
Type of unit DVD
440 ## - SERIES STATEMENT/ADDED ENTRY--TITLE
Title Moserbaer Home Entertainment
500 ## - GENERAL NOTE
General note Moserbaer India Ltd. has obtained the necessary licence/conssent from the owner of the copyright in the wroks for making this DVD Film.
538 ## - SYSTEM DETAILS NOTE
System details note Dolby Digital 5.1 - Hindi Subtitles: English
538 ## - SYSTEM DETAILS NOTE
System details note This DVD can be played back on DVD Players, multimedia systems & PC with MPEG card interactive with version 2.0 players.
650 ## - SUBJECT ADDED ENTRY--TOPICAL TERM
Topical term or geographic name as entry element Motion Picture
700 ## - ADDED ENTRY--PERSONAL NAME
Personal name Manoj Kumar
700 ## - ADDED ENTRY--PERSONAL NAME
Personal name Kalyanji
700 ## - ADDED ENTRY--PERSONAL NAME
Personal name Anandji
700 ## - ADDED ENTRY--PERSONAL NAME
Personal name Saira Banu
700 ## - ADDED ENTRY--PERSONAL NAME
Personal name Khanna, Vinod
700 ## - ADDED ENTRY--PERSONAL NAME
Personal name Pran
942 ## - ADDED ENTRY ELEMENTS (KOHA)
Koha item type CD-ROMs, DVDs, VHS
Source of classification or shelving scheme Dewey Decimal Classification
Classification part DVD
Call number suffix PURA
Holdings
Withdrawn status Lost status Source of classification or shelving scheme Damaged status Not for loan Home library Current library Date acquired Source of acquisition Cost, normal purchase price Total Checkouts Full call number Barcode Date last seen Date checked out Copy number Cost, replacement price Price effective from Koha item type Total Renewals
    Dewey Decimal Classification     Central Library Central Library 02/01/2009 Purchase 45.00 16 DVD PURA DVD-001692 13/01/2010 29/12/2009 1 45.00 02/01/2009 CD-ROMs, DVDs, VHS  
    Dewey Decimal Classification     Janak Puri Janak Puri 12/02/2010 Pioneers/948/17-11-09/325/13-10-09 /30-11-09 45.00 13 DVD PURA DVD-005714 13/06/2014 07/06/2014 1 45.00 12/02/2010 CD-ROMs, DVDs, VHS 1
    Dewey Decimal Classification     Karol Bagh Karol Bagh 12/02/2010 Pioneers/948/17-11-09/325/13-10-09 /30-11-09 45.00 14 DVD PURA DVD-005717 22/11/2014 20/11/2014 1 45.00 12/02/2010 CD-ROMs, DVDs, VHS  
    Dewey Decimal Classification     Narela Narela 12/02/2010 Pioneers/948/17-11-09/325/13-10-09 /30-11-09 45.00 8 DVD PURA DVD-005718 22/10/2014 07/10/2014 1 45.00 12/02/2010 CD-ROMs, DVDs, VHS 1
    Dewey Decimal Classification     Patel Nagar Patel Nagar 02/01/2009 Purchase 45.00 19 DVD PURA DVD-001694 05/07/2013 25/06/2013 1 45.00 02/01/2009 CD-ROMs, DVDs, VHS  
    Dewey Decimal Classification     R.K.Puram-8 R.K.Puram-8 12/02/2010 Pioneers/948/17-11-09/325/13-10-09 /30-11-09 45.00   DVD PURA DVD-005715 12/02/2010   1 45.00 12/02/2010 CD-ROMs, DVDs, VHS  
    Dewey Decimal Classification     Sarojini Nagar Sarojini Nagar 02/01/2009 Purchase 45.00 15 DVD PURA DVD-001693 24/06/2015 15/06/2015 1 45.00 02/01/2009 CD-ROMs, DVDs, VHS  
    Dewey Decimal Classification     Vinoba Puri Vinoba Puri 12/02/2010 Pioneers/948/17-11-09/325/13-10-09 /30-11-09 45.00 5 DVD PURA DVD-005716 19/01/2012 19/01/2012 1 45.00 12/02/2010 CD-ROMs, DVDs, VHS  

© Delhi Public Library
Hit Counter
free hit counter